| 000 | 00596nam a2200181Ia 4500 | ||
|---|---|---|---|
| 005 | 20250508150625.0 | ||
| 008 | 008 250505s9999 xx 000 0 eng d | ||
| 037 | _aReference | ||
| 040 |
_aFEDL _beng _cFEDL |
||
| 041 |
_aeng _2eng |
||
| 084 |
_a109, RUS _qFEDL |
||
| 100 | _aRussell Bertrand | ||
| 245 | 0 | _aHistory of western philosophy and its connection with political and social circumstances from the earliest times to the present day | |
| 260 |
_aLondon, UK _bGeorge Allen and Unwin Ltd. _c1947 |
||
| 300 | _a916p. | ||
| 942 |
_cREF _h109, RUS |
||
| 999 |
_c1324646 _d1324646 |
||